000 01981cad a22002535a 4500
001 E145890
008 081120s2008 xxk f 000 0 eng d
035 _a(Sirsi) u145890
041 0 _aeng
050 0 4 _a634.966 $2 18
110 2 _aDeer Commission for Scotland
_93964
245 0 0 _aScotland's wild deer
_ba national approach
_h[electronic resource]
260 _a[Scotland]
_bDeer Commission for Scotland
_c2008
505 2 _aIntroduction: a strategy for wild deer; Scotland's wild deer species; developing the strategy -- Vision -- Key Issues to Address -- Ways of working: guiding principles -- Achieving the vision: objectives: contributing to a high quality, robust and adaptable environment; contributing to sustainable economic development; contributing to social well-being -- Key actions: contributing to a high quality, robust and adaptable environment; contributing to sustainable economic development; contributing to social well-being; cross-cutting actions contributing to all objectives -- Implementation: implementation plans; key tools for implementation -- Monitoring, reporting and reviewing: monitoring; indicators; review; annual Reporting -- Glossary -- Annex: wild deer in Scotland; managing wild deer
520 _aSets out the Scottish Government's strategy for wild deer. Discusses all species of wild deer in Scotland and is applicable to all types of land ownership and deer management. Presents the necessary objectives and actions for ensuring that the management of wild deer benefits the Scottish environment and economy.
521 _aAdvanced
590 _aKA
651 4 _aScotland
_y1999-
690 _aENVIRONMENTAL AND LAND CONSULTANCY-ENVIRONMENTAL MANAGEMENT-ENVIRONMENTAL CONSERVATION-WILDLIFE CONSERVATION
710 1 _aForestry Commission Scotland
_95586
710 1 _aScottish Natural Heritage
_92794
856 4 0 _uhttps://www.dcs.gov.uk/info_strategy.aspx
_zView the report free of charge at www.dcs.gov.uk...
942 _n0
999 _c108957
_d108957